[Event "Montreal op U2000"]
[Site "Montreal CAN"]
[Date "2016.09.11"]
[Round "4.23"]
[White "Potvin, Alain-Nicolas"]
[Black "Zheng, Richard"]
[Result "1/2-1/2"]
[WhiteElo "1799"]
[BlackElo "1612"]
[PlyCount "109"]
[EventDate "2016.09.09"]
[EventType "swiss"]
[EventRounds "5"]
[EventCountry "CAN"]

1. d4 d5 2. Nf3 Nf6 3. e3 Bg4 4. c4 e6 5. Qb3 Bxf3 6. Qxb7 dxc4 7. Qxf3 Nbd7 8.
Bxc4 Bb4+ 9. Bd2 Bxd2+ 10. Nxd2 O-O 11. O-O Nb6 12. Rfd1 Qd6 13. Rac1 Rfd8 14.
Ne4 Nxe4 15. Qxe4 Rac8 16. Ba6 Rb8 17. Rc6 Qd7 18. Qc2 Nd5 19. a3 Rxb2 20. Qc5
Rb6 21. Rc1 Rdb8 22. e4 Rxc6 23. Qxc6 Qxc6 24. Rxc6 Rb1+ 25. Bf1 Nf4 26. f3
Ne2+ 27. Kf2 Nxd4 28. Rxc7 f5 29. exf5 Rb2+ 30. Ke3 Nxf5+ 31. Kf4 a5 32. Ra7
Rd2 33. Rxa5 Kf7 34. g4 Nd4 35. Ra7+ Kf6 36. Ke3 Rd1 37. g5+ Kxg5 38. Rxg7+ Kf6
39. Rxh7 Rxf1 40. Kxd4 Rxf3 41. Rh6+ Kf5 42. Rh5+ Kf6 43. Rh6+ Kf5 44. Rh5+ Kf6
45. Ra5 Rh3 46. Ra8 Rxh2 47. a4 e5+ 48. Ke4 Re2+ 49. Kd3 Ra2 50. a5 Ke6 51.
Ra6+ Kd5 52. Ra8 Ra3+ 53. Ke2 Kc6 54. a6 Kb6 55. Re8 1/2-1/2

[Event "Montreal op U2000"]
[Site "Montreal CAN"]
[Date "2016.09.11"]
[Round "4.24"]
[White "Nica, Ion"]
[Black "Bouchard, Alexandre"]
[Result "1/2-1/2"]
[WhiteElo "1791"]
[BlackElo "1462"]
[PlyCount "33"]
[EventDate "2016.09.09"]
[EventType "swiss"]
[EventRounds "5"]
[EventCountry "CAN"]

1. b3 Nf6 2. Bb2 d5 3. Nf3 g6 4. e3 c5 5. Bb5+ Bd7 6. Qe2 Bg7 7. d4 O-O 8. a4
cxd4 9. Bxd4 Nc6 10. Bxc6 Bxc6 11. Ne5 Qc7 12. Nd2 Ne4 13. Nxc6 Qxc6 14. Bxg7
Kxg7 15. Nxe4 dxe4 16. O-O Qc3 17. Qb5 1/2-1/2

[Event "Montreal op U2000"]
[Site "Montreal CAN"]
[Date "2016.09.11"]
[Round "4.25"]
[White "Bolduc, Olivier"]
[Black "Hollander, Michael"]
[Result "1-0"]
[WhiteElo "1495"]
[BlackElo "1786"]
[PlyCount "103"]
[EventDate "2016.09.09"]
[EventType "swiss"]
[EventRounds "5"]
[EventCountry "CAN"]

1. d4 Nf6 2. Bg5 Ne4 3. Bf4 d5 4. Nf3 c5 5. e3 e6 6. Nbd2 Qa5 7. c3 Nxd2 8.
Nxd2 c4 9. e4 Be7 10. e5 Nc6 11. Qg4 g5 12. Be3 h5 13. Qd1 Bd7 14. Be2 h4 15.
h3 O-O-O 16. O-O Rdg8 17. Bg4 f5 18. exf6 Bxf6 19. Nf3 Rg7 20. Re1 Ne7 21. Ne5
Bxe5 22. dxe5 Nc6 23. Bd2 Rf8 24. Re3 Rgf7 25. f3 Qb6 26. Kh2 Qxb2 27. Rb1 Qxa2
28. Ra1 Qb3 29. Qc1 Qb6 30. Re2 Qc7 31. Qe1 Rg7 32. Kh1 Kb8 33. Qf2 a6 34. Qc5
Rfg8 35. Rb1 Na5 36. Qb4 Nb3 37. Be3 a5 38. Qa3 b6 39. Reb2 a4 40. Bd4 b5 41.
Qb4 Re8 42. Ra2 Kc8 43. f4 gxf4 44. Bd1 Nxd4 45. cxd4 Kd8 46. Rf2 Reg8 47. Bg4
Rxg4 48. hxg4 Rxg4 49. Qf8+ Be8 50. Rxb5 Rg7 51. Rxf4 Qe7 52. Rb8+ 1-0

[Event "Montreal op U2000"]
[Site "Montreal CAN"]
[Date "2016.09.11"]
[Round "4.27"]
[White "Moisescu, George"]
[Black "Lamarche, Michel"]
[Result "1-0"]
[WhiteElo "1475"]
[BlackElo "1986"]
[PlyCount "67"]
[EventDate "2016.09.09"]
[EventType "swiss"]
[EventRounds "5"]
[EventCountry "CAN"]

1. d4 Nf6 2. c4 e6 3. Nc3 Bb4 4. Nf3 c5 5. e3 O-O 6. Bd2 cxd4 7. exd4 d5 8. a3
Be7 9. c5 Nc6 10. Bb5 Ne4 11. Bxc6 bxc6 12. O-O Nxc5 13. dxc5 Bxc5 14. b4 Bd6
15. Re1 Ba6 16. Na4 Qc7 17. Rc1 e5 18. h3 Rae8 19. Nc3 Qd7 20. Na4 Bc4 21. Be3
Bb5 22. Bc5 f6 23. Bxd6 Qxd6 24. Nc5 Qe7 25. Nd4 Qd6 26. Nf5 Qc7 27. a4 Bc4 28.
Ne3 Qf7 29. Nxc4 dxc4 30. Qe2 a5 31. Qxc4 axb4 32. Qxf7+ Rxf7 33. Rb1 Rb8 34.
Re4 1-0

[Event "Montreal op U2000"]
[Site "Montreal CAN"]
[Date "2016.09.11"]
[Round "4.28"]
[White "Steinberg, Ellis"]
[Black "Cote, Claude"]
[Result "1-0"]
[WhiteElo "1840"]
[BlackElo "1566"]
[PlyCount "155"]
[EventDate "2016.09.09"]
[EventType "swiss"]
[EventRounds "5"]
[EventCountry "CAN"]

1. e4 c5 2. Nf3 d6 3. d4 cxd4 4. Nxd4 Nf6 5. Nc3 Nc6 6. Bc4 e5 7. Nb3 Be7 8.
O-O O-O 9. Bg5 Be6 10. Bxe6 fxe6 11. Qd2 a6 12. a4 Qe8 13. a5 Rd8 14. Bxf6 Rxf6
15. Na4 Qg6 16. Rae1 Rdf8 17. Nb6 Rd8 18. c3 Rf4 19. Qe2 d5 20. exd5 exd5 21.
Rd1 Qf7 22. Qd3 e4 23. Qd2 Rf5 24. Nd4 Nxd4 25. Qxd4 Bf6 26. Qc5 Be7 27. Qc7
Bg5 28. Qxf7+ Kxf7 29. Rd4 Be7 30. Na4 Rf6 31. Rfd1 Rfd6 32. Nc5 Rb8 33. Nxe4
Re6 34. Ng3 b6 35. Rf4+ Ke8 36. Nf5 Bf6 37. Rb4 b5 38. Kf1 Rd8 39. Re1 Rxe1+
40. Kxe1 Kd7 41. Kd2 g6 42. Ne3 Kc6 43. Rf4 Bg5 44. Rf7 h5 45. Ra7 d4 46. Rxa6+
Kc7 47. cxd4 Rxd4+ 48. Kc3 Rd6 49. Rxd6 Kxd6 50. Kb4 Kc6 51. Nc2 Bd2+ 52. Kb3
Bxa5 53. Nd4+ Kc5 54. Ne6+ Kc6 55. Nf4 Bc7 56. Nxg6 Bxh2 57. g3 Bg1 58. Ne5+
Kd6 59. Nd3 Kc6 60. Kc3 Kd6 61. Kd4 Bh2 62. Ke3 Kd5 63. Nf4+ Kc4 64. Nxh5 Kb3
65. Nf4 Kxb2 66. Kd4 Ka3 67. Nd3 Bg1 68. Ke3 b4 69. Kf3 Kb3 70. Kg2 Bxf2 71.
Kxf2 Kc4 72. Ke3 b3 73. Ke4 Kb5 74. Kd5 Kb6 75. g4 Kc7 76. Kc4 Kd6 77. Kxb3 Ke6
78. Nf2 1-0

[Event "Montreal op U2000"]
[Site "Montreal CAN"]
[Date "2016.09.11"]
[Round "4.29"]
[White "Desmarais, Serge"]
[Black "Kay, Sang Kil"]
[Result "0-1"]
[WhiteElo "1730"]
[BlackElo "1623"]
[PlyCount "144"]
[EventDate "2016.09.09"]
[EventType "swiss"]
[EventRounds "5"]
[EventCountry "CAN"]

1. c4 Nf6 2. Nc3 c6 3. g3 g6 4. d4 Bg7 5. Bg2 O-O 6. e3 d6 7. Nge2 Bg4 8. O-O
Qd7 9. Re1 Bh3 10. Bh1 Nh5 11. e4 f5 12. Nf4 Nxf4 13. Bxf4 e5 14. dxe5 dxe5 15.
Be3 f4 16. Bc5 Rf7 17. b4 Na6 18. Bd6 Rd8 19. c5 Nxb4 20. Qb3 Na6 21. Rad1 Qc8
22. Na4 Be6 23. Qb2 Rfd7 24. Bf3 b5 25. Nc3 Rf7 26. Be2 f3 27. Bxb5 cxb5 28.
Qxb5 Nb4 29. Qxb4 Bb3 30. Qb5 Bxd1 31. Nxd1 Qe6 32. Nc3 g5 33. Nd5 h5 34. Ne3
Qxa2 35. h3 Qe6 36. Kh2 h4 37. g4 Rfd7 38. Nf5 Bf8 39. Qa5 Bxd6 40. cxd6 Kf7
41. Re3 Rb8 42. Rxf3 Kg6 43. Rc3 Rb2 44. Kg2 Qa2 45. Qxa2 Rxa2 46. Rc7 Rd8 47.
Re7 Kf6 48. Rc7 a5 49. Kf3 Ra3+ 50. Kg2 a4 51. Ra7 Ra1 52. Ra6 a3 53. Ne3 a2
54. Nc2 Rd1 55. d7+ Ke7 56. Rxa2 Rd2 57. Kf1 R8xd7 58. Ke1 Kf7 59. Rb2 Rd1+ 60.
Ke2 R1d2+ 61. Ke1 R2d3 62. Ne3 R3d4 63. f3 Rc7 64. Rb1 Rd3 65. Kf2 Rd2+ 66. Kg1
Rc6 67. Nf1 Ra2 68. Ne3 Rc3 69. Re1 Ke6 70. Kf1 Rh2 71. Re2 Rc1+ 72. Re1 Rh1+
0-1

[Event "Montreal op U2000"]
[Site "Montreal CAN"]
[Date "2016.09.11"]
[Round "4.30"]
[White "Xu, Daniel"]
[Black "Cui, Cynthia"]
[Result "0-1"]
[WhiteElo "1607"]
[BlackElo "1700"]
[PlyCount "104"]
[EventDate "2016.09.09"]
[EventType "swiss"]
[EventRounds "5"]
[EventCountry "CAN"]

1. d4 d5 2. c4 e6 3. Nc3 Nf6 4. Bg5 Be7 5. e3 O-O 6. Nf3 h6 7. Bh4 b6 8. Bd3
Bb7 9. O-O c5 10. Bg3 Nc6 11. cxd5 Nxd5 12. Nxd5 Qxd5 13. dxc5 Bxc5 14. a3 Be7
15. Qe2 Qd7 16. Rfd1 Qe8 17. Rac1 Rd8 18. Bb5 Rxd1+ 19. Rxd1 Qa8 20. Rd7 Bf6
21. h3 a6 22. Ba4 b5 23. Bd1 Rd8 24. Rxd8+ Qxd8 25. b4 Ne7 26. Qc2 Nf5 27. Bh2
Nd6 28. Bxd6 Qxd6 29. Ne1 Qc6 30. Qxc6 Bxc6 31. f3 Bd5 32. a4 Bc3 33. Nd3 Bc4
34. Nc5 Bxb4 35. Ne4 f5 36. Ng3 Bc5 37. Kf2 f4 38. Nf1 Bxf1 39. Kxf1 fxe3 40.
axb5 axb5 41. Ke2 Kf8 42. Kd3 Ke7 43. g4 g5 44. Be2 Kd6 45. Kc3 Kc6 46. Bd3 Kb6
47. Kb3 Bd6 48. Be2 Kc5 49. Kc3 b4+ 50. Kb3 Kd4 51. Bc4 Ke5 52. Be2 Kf4 0-1

[Event "Montreal op U2000"]
[Site "Montreal CAN"]
[Date "2016.09.11"]
[Round "4.31"]
[White "Richard, Leo"]
[Black "Alcantara, Maximo jr"]
[Result "0-1"]
[WhiteElo "1481"]
[BlackElo "1681"]
[PlyCount "60"]
[EventDate "2016.09.09"]
[EventType "swiss"]
[EventRounds "5"]
[EventCountry "CAN"]

1. e4 c6 2. d4 g6 3. c4 Bg7 4. Nc3 d6 5. Nf3 Bg4 6. Be2 Nd7 7. h3 Bxf3 8. Bxf3
e5 9. d5 c5 10. a3 Ne7 11. b4 O-O 12. Be3 b6 13. Rb1 f5 14. Bg5 Nf6 15. Bxf6
Bxf6 16. Qc2 fxe4 17. Bxe4 Bg7 18. O-O Nf5 19. Bxf5 Rxf5 20. Ne2 cxb4 21. axb4
Qc7 22. Qe4 Rc8 23. Rbc1 a5 24. bxa5 bxa5 25. g3 Qc5 26. Qb1 Rcf8 27. Rc2 Rxf2
28. Rxf2 Rxf2 29. Qb5 Qe3 30. Qe8+ Rf8+ 0-1

[Event "Montreal op U2000"]
[Site "Montreal CAN"]
[Date "2016.09.11"]
[Round "4.33"]
[White "Sanyal, Prateek"]
[Black "Tsanaclis, Albert"]
[Result "1/2-1/2"]
[WhiteElo "1676"]
[BlackElo "1615"]
[PlyCount "108"]
[EventDate "2016.09.09"]
[EventType "swiss"]
[EventRounds "5"]
[EventCountry "CAN"]

1. d4 d5 2. c4 c6 3. Nc3 Nf6 4. Nf3 dxc4 5. e3 b5 6. a4 Qa5 7. Bd2 Qb6 8. axb5
cxb5 9. b3 Ba6 10. bxc4 bxc4 11. Qa4+ Nfd7 12. Ne5 Qd6 13. Nxd7 Qxd7 14. Bxc4
Qxa4 15. Rxa4 Bxc4 16. Rxc4 e6 17. Nb5 Na6 18. O-O Be7 19. Ra4 Rb8 20. Rxa6
Rxb5 21. Rxa7 Bd8 22. g3 O-O 23. Rc1 e5 24. dxe5 Rxe5 25. Rc8 Rb5 26. Raa8 Be7
27. Rxf8+ Bxf8 28. Bc3 f6 29. Ra7 Bc5 30. Rc7 Bd6 31. Rd7 Be5 32. Bxe5 Rxe5 33.
Kg2 h5 34. h4 Kh7 35. Kf3 Kg6 36. e4 f5 37. Rd6+ Kf7 38. exf5 Rxf5+ 39. Ke3
Re5+ 40. Kf4 Ra5 41. f3 g6 42. Ke4 g5 43. hxg5 Rxg5 44. Rd5 Rxg3 45. Rxh5 Rg6
46. f4 Re6+ 47. Re5 Rxe5+ 48. Kxe5 Ke7 49. f5 Kf7 50. f6 Kf8 51. Kf4 Kf7 52.
Kf5 Kf8 53. Kg6 Kg8 54. f7+ Kf8 1/2-1/2

[Event "Montreal op U2000"]
[Site "Montreal CAN"]
[Date "2016.09.11"]
[Round "4.34"]
[White "Roy, Stephane"]
[Black "O'Connor, Michael"]
[Result "1-0"]
[WhiteElo "1588"]
[BlackElo "1715"]
[PlyCount "89"]
[EventDate "2016.09.09"]
[EventType "swiss"]
[EventRounds "5"]
[EventCountry "CAN"]

1. Nf3 f5 2. c4 Nf6 3. Nc3 d6 4. e3 g6 5. b3 Bg7 6. Bb2 O-O 7. Qc2 e5 8. Ne2
Nc6 9. a3 Qe8 10. Ng3 f4 11. Ne2 fxe3 12. fxe3 Bf5 13. Qd1 Rd8 14. Ng3 e4 15.
Nxf5 gxf5 16. Ng5 Ne5 17. Be2 d5 18. O-O dxc4 19. Rxf5 Nd3 20. Bxd3 Rxd3 21.
bxc4 Qg6 22. Qf1 Rxd2 23. Bd4 h6 24. Ne6 Rf7 25. Nxg7 Kxg7 26. Rb1 b6 27. Rbb5
c5 28. Be5 Rd3 29. h4 h5 30. Rg5 Rxe3 31. Rxg6+ Kxg6 32. Bxf6 Rxf6 33. Qc1 Rg3
34. Rb2 e3 35. Re2 Re6 36. Qc2+ Kg7 37. Qf5 Reg6 38. Qxh5 Kf7 39. Qd5+ Kg7 40.
h5 R6g5 41. Qd7+ Kh6 42. Qxa7 Kxh5 43. Qxb6 R3g4 44. Qc7 Rxc4 45. Qf7+ 1-0

[Event "Montreal op U2000"]
[Site "Montreal CAN"]
[Date "2016.09.11"]
[Round "4.35"]
[White "Turgeon, Yoakim"]
[Black "Omichi, Haruaki"]
[Result "0-1"]
[WhiteElo "1652"]
[BlackElo "1569"]
[PlyCount "64"]
[EventDate "2016.09.09"]
[EventType "swiss"]
[EventRounds "5"]
[EventCountry "CAN"]

1. d4 d5 2. e3 Bf5 3. Bd3 Bxd3 4. Qxd3 Nf6 5. Qb5+ Nbd7 6. Qxb7 e6 7. Qb5 Bd6
8. f4 O-O 9. Nf3 Ne4 10. O-O Nb6 11. Qd3 Rc8 12. Nbd2 f5 13. Ne5 c5 14. c3 Rf6
15. Ndf3 h6 16. Qb5 c4 17. Bd2 g5 18. Be1 Rc7 19. g4 Rg7 20. Kh1 Rf8 21. a4
gxf4 22. Bh4 Qc7 23. gxf5 Rxf5 24. Qe8+ Rf8 25. Qxe6+ Kh7 26. a5 Nd7 27. Nxd7
Qxd7 28. Qxd5 Re8 29. Qxc4 Qh3 30. Qe2 Rg4 31. Rg1 h5 32. Qe1 Qxf3+ 0-1

[Event "Montreal op U2000"]
[Site "Montreal CAN"]
[Date "2016.09.11"]
[Round "4.37"]
[White "Nafii, Adali"]
[Black "Pregent, Daniel"]
[Result "1-0"]
[WhiteElo "1623"]
[BlackElo "1735"]
[PlyCount "61"]
[EventDate "2016.09.09"]
[EventType "swiss"]
[EventRounds "5"]
[EventCountry "CAN"]

1. d4 Nf6 2. c4 d6 3. Nc3 g6 4. e4 Bg7 5. f3 O-O 6. Be3 Nbd7 7. Qd2 Re8 8. Bh6
Bh8 9. h4 e5 10. d5 Nc5 11. b4 Ncd7 12. Nge2 Nb6 13. Ng3 Bd7 14. c5 dxc5 15.
bxc5 Na4 16. Nxa4 Bxa4 17. Bc4 b5 18. Bb3 Qe7 19. Rc1 Bxb3 20. axb3 a5 21. b4
axb4 22. Qxb4 Ra2 23. O-O Rea8 24. d6 cxd6 25. cxd6 Qd8 26. Rc7 Ne8 27. Rc6
Qxh4 28. d7 Qxh6 29. Rc8 Qf8 30. Qxf8+ Kxf8 31. dxe8=Q+ 1-0

[Event "Montreal op U2000"]
[Site "Montreal CAN"]
[Date "2016.09.11"]
[Round "5.29"]
[White "Esterez, Emmanuel"]
[Black "Langlois-Remillard, Alexis"]
[Result "0-1"]
[WhiteElo "1899"]
[BlackElo "1873"]
[PlyCount "44"]
[EventDate "2016.09.09"]
[EventType "swiss"]
[EventRounds "5"]
[EventCountry "CAN"]

1. c4 c5 2. Nf3 Nf6 3. Nc3 b6 4. g3 Bb7 5. Bg2 e6 6. O-O Be7 7. d4 cxd4 8. Nxd4
Bxg2 9. Kxg2 a6 10. e4 Qc7 11. Qe2 Nc6 12. Nc2 O-O 13. Bf4 d6 14. Rad1 Na5 15.
b3 b5 16. Qf3 bxc4 17. b4 Nc6 18. a3 Nd7 19. Rd2 Nde5 20. Rfd1 Nxf3 21. Kxf3
Rfd8 22. b5 Ne5+ 0-1

[Event "Montreal op U2000"]
[Site "Montreal CAN"]
[Date "2016.09.11"]
[Round "5.30"]
[White "Leblanc, Paul"]
[Black "Ivakhin, Mikhail"]
[Result "0-1"]
[WhiteElo "1910"]
[BlackElo "1997"]
[PlyCount "88"]
[EventDate "2016.09.09"]
[EventType "swiss"]
[EventRounds "5"]
[EventCountry "CAN"]

1. d4 d5 2. c4 e6 3. Nf3 f5 4. cxd5 exd5 5. Bf4 Bd6 6. Bxd6 Qxd6 7. Nc3 Nf6 8.
e3 c6 9. Bd3 O-O 10. Qc2 Ne4 11. Ne5 Nd7 12. f4 Qe7 13. O-O-O Nxe5 14. dxe5 Nc5
15. Be2 b5 16. Bf3 Be6 17. Rhg1 Ne4 18. g4 Nxc3 19. Qxc3 b4 20. Qd2 a5 21. Kb1
a4 22. Rc1 Rac8 23. Ka1 a3 24. b3 Rfd8 25. gxf5 Bxf5 26. Bg4 Bxg4 27. Rxg4 c5
28. Rcg1 Rc7 29. h4 Qe6 30. h5 d4 31. Qg2 Qe7 32. h6 g6 33. Qe4 dxe3 34. f5
Rcd7 35. Kb1 Rd1+ 36. Rxd1 Rxd1+ 37. Kc2 Rd2+ 38. Kc1 Qd8 39. Qxe3 Rxa2 40. Rg1
Ra1+ 41. Kc2 Rxg1 42. Qxg1 Qd4 43. Qxd4 cxd4 44. e6 gxf5 0-1

[Event "Montreal op U2000"]
[Site "Montreal CAN"]
[Date "2016.09.11"]
[Round "5.31"]
[White "Trochu, Julien"]
[Black "Lalmi, Anouar"]
[Result "0-1"]
[WhiteElo "1992"]
[BlackElo "1988"]
[PlyCount "100"]
[EventDate "2016.09.09"]
[EventType "swiss"]
[EventRounds "5"]
[EventCountry "CAN"]

1. e4 e5 2. Nf3 Nf6 3. d4 Nxe4 4. dxe5 d5 5. exd6 Bxd6 6. Bd3 Nc5 7. Bg5 Nxd3+
8. Qxd3 Bb4+ 9. Nc3 Qxd3 10. cxd3 O-O 11. O-O Bg4 12. Nd5 Bd6 13. Rfe1 Bxf3 14.
gxf3 Nc6 15. Be7 Nxe7 16. Nxe7+ Kh8 17. Nf5 Bc5 18. d4 Bb4 19. Re4 g6 20. d5 a5
21. Ne3 Rfd8 22. Rd1 Rd7 23. a3 Bf8 24. Nc4 Kg7 25. Kg2 f6 26. f4 b5 27. Ne3 f5
28. Red4 Kf6 29. Nc2 Re8 30. Kf3 Bc5 31. R4d2 Re4 32. Ne1 Bd6 33. Rd4 Rde7 34.
Rxe4 Rxe4 35. Ng2 b4 36. axb4 axb4 37. b3 h6 38. h4 Re8 39. Re1 Ra8 40. Re6+
Kf7 41. h5 g5 42. Rxh6 g4+ 43. Kg3 Ra3 44. Ne3 Rxb3 45. Kh4 Bxf4 46. Nxf5 Bxh6
47. Nxh6+ Kg7 48. Nxg4 Rd3 49. h6+ Kh7 50. f4 b3 0-1

[Event "Montreal op U2000"]
[Site "Montreal CAN"]
[Date "2016.09.11"]
[Round "5.32"]
[White "Bleau, John"]
[Black "Desjardins, Michel"]
[Result "1/2-1/2"]
[WhiteElo "1907"]
[BlackElo "1931"]
[PlyCount "57"]
[EventDate "2016.09.09"]
[EventType "swiss"]
[EventRounds "5"]
[EventCountry "CAN"]

1. d4 d5 2. Nf3 Bf5 3. e3 e6 4. Bd3 Bxd3 5. Qxd3 Nd7 6. O-O c6 7. b3 Bd6 8.
Nbd2 Ngf6 9. c4 O-O 10. Bb2 Re8 11. a3 Rc8 12. Rfe1 Bb8 13. e4 dxe4 14. Nxe4
Nxe4 15. Qxe4 Nf6 16. Qh4 h6 17. Rad1 Nh7 18. Qe4 Ng5 19. Nxg5 Qxg5 20. g3 Red8
21. h4 Qh5 22. Rd3 Rd7 23. Kg2 Rcd8 24. Red1 Bc7 25. b4 Bb6 26. R1d2 a6 27. Bc3
Bc7 28. Rd1 Bb6 29. R1d2 1/2-1/2

[Event "Montreal op U2000"]
[Site "Montreal CAN"]
[Date "2016.09.11"]
[Round "5.33"]
[White "Pretell Diaz, Carol"]
[Black "Lauron, Ranel"]
[Result "0-1"]
[WhiteElo "1824"]
[BlackElo "1953"]
[PlyCount "66"]
[EventDate "2016.09.09"]
[EventType "swiss"]
[EventRounds "5"]
[EventCountry "CAN"]

1. c4 e6 2. Nc3 c5 3. g3 a6 4. Bg2 Nf6 5. Nf3 Be7 6. O-O Qc7 7. d4 cxd4 8. Nxd4
Qxc4 9. Bf4 Nc6 10. Nxc6 bxc6 11. Rc1 Qb4 12. a3 Qa5 13. Bd6 Qd8 14. b4 O-O 15.
b5 Bxd6 16. Qxd6 axb5 17. Nxb5 Ne8 18. Qc5 Ra5 19. Bxc6 dxc6 20. Qxc6 Bd7 21.
Rfd1 Bxc6 22. Rxd8 Bxb5 23. Rc5 Nf6 24. Rxf8+ Kxf8 25. a4 Rxa4 26. Rxb5 g6 27.
f3 Ra2 28. e4 Kg7 29. Rb3 h5 30. Rc3 g5 31. Re3 Nd7 32. f4 g4 33. e5 Nc5 0-1

[Event "Montreal op U2000"]
[Site "Montreal CAN"]
[Date "2016.09.11"]
[Round "5.34"]
[White "Blanchet, Robert"]
[Black "Dube, Daniel"]
[Result "0-1"]
[WhiteElo "1846"]
[BlackElo "1818"]
[PlyCount "100"]
[EventDate "2016.09.09"]
[EventType "swiss"]
[EventRounds "5"]
[EventCountry "CAN"]

1. e4 g6 2. d4 d6 3. Bd3 c6 4. Ne2 Bg7 5. c3 Nf6 6. Na3 Nbd7 7. Nc2 O-O 8. Bg5
h6 9. Bd2 e5 10. Qc1 exd4 11. cxd4 c5 12. Bxh6 cxd4 13. Bxg7 Kxg7 14. Ncxd4 Nc5
15. Qc3 Nxd3+ 16. Qxd3 Re8 17. f3 Qa5+ 18. Nc3 Qg5 19. Qd2 Qe5 20. O-O-O a6 21.
Nde2 Be6 22. Qxd6 Qg5+ 23. Qf4 Qa5 24. Kb1 Rac8 25. g4 Rc4 26. Nd4 Rxc3 27.
Nxe6+ Rxe6 28. Rd5 Nxd5 29. exd5 Rf6 30. Qd4 Rcxf3 31. g5 Qb6 32. gxf6+ Qxf6
33. Qd1 Rf2 34. Qc1 Qf5+ 35. Ka1 Qxd5 36. Qc3+ Kh7 37. Qh3+ Qh5 38. Qg3 Qf3 39.
Qxf3 Rxf3 40. a4 Rf4 41. b3 Rf2 42. a5 Rf5 43. b4 Rb5 44. Rb1 f5 45. Ka2 f4 46.
Kb3 g5 47. Rc1 Kg6 48. Rc8 Kh5 49. h3 Kh4 50. Rh8+ Kg3 0-1

[Event "Montreal op U2000"]
[Site "Montreal CAN"]
[Date "2016.09.11"]
[Round "5.35"]
[White "Morin, Maxime"]
[Black "Mangahas, Ronald"]
[Result "1/2-1/2"]
[WhiteElo "1662"]
[BlackElo "1834"]
[PlyCount "215"]
[EventDate "2016.09.09"]
[EventType "swiss"]
[EventRounds "5"]
[EventCountry "CAN"]

1. e4 c5 2. Nf3 d6 3. Bb5+ Nd7 4. c3 Ngf6 5. Qe2 e6 6. O-O Be7 7. d4 cxd4 8.
cxd4 O-O 9. Nc3 a6 10. Bd3 b5 11. e5 Nd5 12. Qe4 f5 13. exf6 N7xf6 14. Qe2 Nxc3
15. bxc3 Nd5 16. c4 bxc4 17. Bxc4 Nf4 18. Bxf4 Rxf4 19. Bxe6+ Bxe6 20. Qxe6+
Kh8 21. Rfe1 Bf6 22. Rad1 Rb8 23. Qe3 Rf5 24. d5 h5 25. Qe4 Qd7 26. Qe6 Rb7 27.
h3 Qxe6 28. dxe6 Be7 29. Nd4 Rc5 30. Rb1 Rbc7 31. Rb6 g6 32. Rxa6 Kg7 33. a4
Kf6 34. Nb5 R7c6 35. Rxc6 Rxc6 36. a5 Ra6 37. Rd1 Rxa5 38. Nxd6 Kxe6 39. Ne4
Ke5 40. Nd2 Ra2 41. Nf3+ Ke6 42. g3 Bc5 43. Rd2 Rxd2 44. Nxd2 Kf5 45. Kg2 g5
46. f3 Be3 47. Nf1 Bc1 48. Kf2 Ba3 49. Ne3+ Kf6 50. f4 Bd6 51. Kf3 gxf4 52.
gxf4 Bb8 53. Ke4 Bd6 54. Nc4 Bc7 55. Ne5 Bd6 56. Nd3 Be7 57. Ne1 Bb4 58. Nf3
Bd6 59. Ng5 Bb4 60. Nf3 Bd6 61. Nh4 Bb4 62. Nf5 Bf8 63. Ng3 Kg6 64. Ke5 Bb4 65.
Ne4 Kf7 66. Kf5 Be7 67. Ng3 h4 68. Ne2 Bc5 69. Kg4 Bf2 70. Kg5 Ke6 71. Nc3 Be3
72. Ne4 Kd5 73. Nf6+ Kd4 74. Kg4 Bf2 75. Nh5 Ke4 76. f5 Ke5 77. Nf4 Bg3 78. Nh5
Bf2 79. Ng7 Kf6 80. Ne6 Be3 81. Nf4 Bf2 82. Nd3 Bg3 83. Nc5 Be1 84. Nd7+ Ke7
85. Ne5 Kf6 86. Nd7+ Ke7 87. Nc5 Kf6 88. Ne4+ Ke5 89. Nc5 Kf6 90. Kf4 Bg3+ 91.
Ke4 Bc7 92. Nd7+ Ke7 93. Ne5 Kf6 94. Ng4+ Kg5 95. f6 Bd8 96. Ke5 Kg6 97. Ke6
Ba5 98. Ne5+ Kg5 99. Nd3 Bc3 100. f7 Bg7 101. Ke7 Kf5 102. f8=Q+ Bxf8+ 103.
Kxf8 Ke4 104. Nc5+ Kf4 105. Ne6+ Kg3 106. Ng5 Kf4 107. Nf7 Kg3 108. Ng5 1/2-1/2

[Event "Montreal op U2000"]
[Site "Montreal CAN"]
[Date "2016.09.11"]
[Round "5.36"]
[White "Lalumiere, Etienne"]
[Black "Marchand, Jacques"]
[Result "1/2-1/2"]
[WhiteElo "1595"]
[BlackElo "1933"]
[PlyCount "38"]
[EventDate "2016.09.09"]
[EventType "swiss"]
[EventRounds "5"]
[EventCountry "CAN"]

1. d4 d5 2. c4 e6 3. Nc3 c5 4. Nf3 cxd4 5. Nxd4 e5 6. Nf3 d4 7. Nd5 Ne7 8. Nxe5
Nxd5 9. cxd5 Qxd5 10. Nf3 Nc6 11. a3 Bg4 12. e3 O-O-O 13. h3 Qh5 14. Bd3 Bc5
15. O-O Bf5 16. Bxf5+ Qxf5 17. exd4 Nxd4 18. Nxd4 Rxd4 19. Qb3 Qd5 1/2-1/2

[Event "Montreal op U2000"]
[Site "Montreal CAN"]
[Date "2016.09.11"]
[Round "5.37"]
[White "Baran, Marius"]
[Black "Johnson-Constantin, Matthieu"]
[Result "1/2-1/2"]
[WhiteElo "1711"]
[BlackElo "1858"]
[PlyCount "36"]
[EventDate "2016.09.09"]
[EventType "swiss"]
[EventRounds "5"]
[EventCountry "CAN"]

1. e4 e6 2. d4 d5 3. Nd2 Nf6 4. e5 Nfd7 5. Bd3 c5 6. c3 Nc6 7. Ne2 Qb6 8. Nf3
Be7 9. O-O cxd4 10. cxd4 Nb4 11. Bb1 Nb8 12. a3 N4c6 13. Qc2 Bd7 14. Be3 Na6
15. b4 Rc8 16. Qd3 Nc7 17. Nc3 a6 18. Rc1 Nb5 1/2-1/2

[Event "Montreal op U2000"]
[Site "Montreal CAN"]
[Date "2016.09.11"]
[Round "5.38"]
[White "Uthayakumar, Ronan"]
[Black "Duplessis, Jean-Roch"]
[Result "1-0"]
[WhiteElo "1849"]
[BlackElo "1669"]
[PlyCount "59"]
[EventDate "2016.09.09"]
[EventType "swiss"]
[EventRounds "5"]
[EventCountry "CAN"]

1. e4 c5 2. Nf3 Nc6 3. d4 cxd4 4. Nxd4 e5 5. Nb3 Bb4+ 6. Bd2 Bxd2+ 7. Qxd2 Nf6
8. Nc3 d5 9. exd5 Nb4 10. Rd1 Bf5 11. Bb5+ Kf8 12. Na1 Qd6 13. a3 Na6 14. O-O
Nc7 15. Bc4 Bg4 16. Be2 Bxe2 17. Nxe2 a5 18. c4 h5 19. Nc3 g6 20. Nc2 Kg7 21.
b4 b6 22. f4 e4 23. Qd4 Rhe8 24. Rde1 Kg8 25. f5 Ng4 26. g3 h4 27. Nxe4 Rxe4
28. Rxe4 Nxh2 29. Rxh4 Qxg3+ 30. Kh1 1-0

[Event "Montreal op U2000"]
[Site "Montreal CAN"]
[Date "2016.09.11"]
[Round "5.39"]
[White "Lalonde, Jean-Louis"]
[Black "Moisescu, George"]
[Result "0-1"]
[WhiteElo "1824"]
[BlackElo "1475"]
[PlyCount "80"]
[EventDate "2016.09.09"]
[EventType "swiss"]
[EventRounds "5"]
[EventCountry "CAN"]

1. d4 d5 2. Nf3 Nf6 3. e3 e6 4. Bd3 Be7 5. Nbd2 b6 6. O-O O-O 7. Ne5 Bb7 8. f4
Ne4 9. Rf3 h6 10. Ng4 c5 11. c3 Nd7 12. Rh3 f5 13. Ne5 Nxe5 14. fxe5 Qe8 15.
Nxe4 fxe4 16. Be2 Qf7 17. Bd2 Qf2+ 18. Kh1 a5 19. Bg4 Qf7 20. Be2 Ba6 21. Bxa6
Rxa6 22. Qe2 c4 23. Kg1 g6 24. Be1 Raa8 25. Bh4 g5 26. Bg3 Qg6 27. Bf2 g4 28.
Rg3 h5 29. b3 b5 30. h3 Bh4 31. Kh2 Bxg3+ 32. Bxg3 Rf7 33. Bf4 gxh3 34. Rg1 Rg7
35. g3 Qg4 36. Qd1 Rc8 37. Qe1 Rgc7 38. Rf1 cxb3 39. Bh6 Rxc3 40. Rf8+ Rxf8 0-1